00881nam a2200205 a 450000100100000000500170001000800410002702000150006804000250008308200150010810000470012324500820017026000990025230000250035150000700037650000730044659000260051995201130054599900170065800004422020201002045227.0140610s1994 cu r 000 0 spa d a9589009360 aDO-SdBNPbspacBNPHU axxxxbxxxx1 aGuadarrama González, Pablod1949-97222410aAmérica Latina :bmarxismo y postmodernidad /cPablo Guadarrama González. aSanta Clara, Cuba :bUniversidad Central de Las Villas,bUniversidad INCCA de Colombia,c1994. axv, 230 p. ;c21 cm. aIncluye datos biográficos del autor en la solapa de la cubierta aIncluye referencias bibliográficas y notas al pie de las páginas aInventariado, 2019/BT 001050718MOaGRbGRcHDd2014-06-10iLF1l0oxxxx xxxxp44220-10r2020-06-25w2020-06-25y1ZNo se presta c43709d43709